000 00285pab a2200109 454500
008 180718b xxu||||| |||| 00| 0 eng d
100 _aKhatkhate, Deena
245 _aUnion budget: unrevealed preferences
650 _aBudget - India
773 _aEconomic and Political Weekly
909 _a2499
999 _c2499
_d2499